The Value Added Tax and Growth : Design Matters /

Does the design of a tax matter for growth? Assembling a novel dataset for 30 OECD countries over the 1970-2016 period, this paper examines whether the value added tax (VAT) may have different effects on long-run growth depending on whether it is raised through the standard rate or through C-efficie...

Full description

Bibliographic Details
Main Author: Acosta Ormaechea, Santiago
Other Authors: Morozumi, Atsuyoshi
Format: Journal
Language:English
Published: Washington, D.C. : International Monetary Fund, 2019.
Series:IMF Working Papers; Working Paper ; No. 2019/096
Online Access:Full text available on IMF
LEADER 02022cas a2200253 a 4500
001 AALejournalIMF019281
008 230101c9999 xx r poo 0 0eng d
020 |c 5.00 USD 
020 |z 9781498312233 
022 |a 1018-5941 
040 |a BD-DhAAL  |c BD-DhAAL 
100 1 |a Acosta Ormaechea, Santiago. 
245 1 4 |a The Value Added Tax and Growth :   |b Design Matters /  |c Santiago Acosta Ormaechea, Atsuyoshi Morozumi. 
264 1 |a Washington, D.C. :  |b International Monetary Fund,  |c 2019. 
300 |a 1 online resource (37 pages) 
490 1 |a IMF Working Papers 
500 |a <strong>Off-Campus Access:</strong> No User ID or Password Required 
500 |a <strong>On-Campus Access:</strong> No User ID or Password Required 
506 |a Electronic access restricted to authorized BRAC University faculty, staff and students 
520 3 |a Does the design of a tax matter for growth? Assembling a novel dataset for 30 OECD countries over the 1970-2016 period, this paper examines whether the value added tax (VAT) may have different effects on long-run growth depending on whether it is raised through the standard rate or through C-efficiency (a measure of the departure of the VAT from a perfectly enforced tax levied at a single rate on all consumption). Our key findings are twofold. First, for a given total tax revenue, a rise in the VAT, financed by a fall in income taxes, promotes growth only when the VAT is raised through C-efficiency. Second, for a given VAT revenue, a rise in Cefficiency, offset by a fall in the standard rate, also promotes growth. The implication is thus that in OECD countries broadening the VAT base through fewer reduced rates and exemptions is more conducive to higher long-run growth than a rise in the standard rate. 
538 |a Mode of access: Internet 
700 1 |a Morozumi, Atsuyoshi. 
830 0 |a IMF Working Papers; Working Paper ;  |v No. 2019/096 
856 4 0 |z Full text available on IMF  |u http://elibrary.imf.org/view/journals/001/2019/096/001.2019.issue-096-en.xml  |z IMF e-Library